000 01417cam a2200373 i 4500
001 24275
003 Mx-PuUPA
005 20250509145635.0
008 140415s2006 sp gr 000 0 spa d
017 _aM-43987-2006
020 _a8474908108
040 _aMx-PuUPA
_bspa
_cMx-PuUPA
_dMx-PuUPA
_erda
041 1 _aspa
_hita
100 1 _aBersanelli, Marco,
_eautor
_917018
240 1 0 _aSolo lo stupore conosce.
_lEspañol
245 1 0 _aSólo el asombro conoce :
_bla aventura de la investigación científica /
_cMarco Bersanelli, Mario Gargantini ; prólogo de César Nombela ; traducción, Javier Corona
264 1 _aMadrid :
_bEdiciones Encuentro,
_c©2006
300 _a358 páginas ;
_c23 cm
336 _2rdacontent
_atexto
_btxt
337 _2rdamedia
_asin medio
_bn
338 _2rdacarrier
_avolumen
_bnc
650 7 _2armarc
_aCiencia
650 7 _2armarc
_aInvestigación
_xAspectos psicológicos
650 7 _2armarc
_aInvestigación científica
650 7 _2armarc
_aCiencias y humanidades
650 7 _2armarc
_aAproximación interdisciplinaria al conocimiento
700 1 _aGargantini, Mario
_eautor
700 1 _aCorona, Javier,
_etraductor
700 1 _aNombela, César,
_eProloguista
_92169
765 0 _aBersanelli, Marco,
_dMilano : RCS Libri, ©2003
_tSolo lo stupore conosce.
942 _2ddc
_cLI
_h001.4
_iB4818
999 _c24275
_d24275